[Event "26th EUR-ch"]
[Site "Katowice POL"]
[Date "2026.04.18"]
[Round "10.184"]
[White "Dovbysh, Timur"]
[Black "Bittner, Titus"]
[Result "1/2-1/2"]
[WhiteElo "1984"]
[BlackElo "2162"]
[EventDate "2026.04.07"]
[PlyCount "145"]

1.e4 c5 2.Nc3 Nc6 3.Bb5 Nd4 4.Nf3 a6 5.Bd3 g6 6.b4 Nxf3+ 7.Qxf3 cxb4 8.Nd5
Bg7 9.Rb1 e6 10.Ne3 Ne7 11.Rxb4 d5 12.Ba3 O-O 13.exd5 exd5 14.O-O b5 15.
Rf4 f5 16.Bxe7 Qxe7 17.Nxd5 Qf7 18.Ne7+ Qxe7 19.Qxa8 g5 20.Rf3 Bb7 21.Qa7 
f4 22.Rh3 h6 23.a4 Rd8 24.Qb6 Bc8 25.Rxh6 Bxh6 26.Qxh6 Rd6 27.Qh5 bxa4 28.
Qd1 Bd7 29.Re1 Qf6 30.Bc4+ Kg7 31.c3 g4 32.d4 f3 33.g3 Bb5 34.Ba2 Qh6 35.
h4 Be2 36.Qc2 Rb6 37.Rb1 Rxb1+ 38.Bxb1 Qb6 39.Qh7+ Kf8 40.Qh8+ Kf7 41.Ba2+
Ke7 42.Qh7+ Kd8 43.Qc2 a3 44.Qb3 Qxb3 45.Bxb3 Bd3 46.h5 Ke7 47.c4 Kf6 48.
c5 Bb5 49.d5 Kg5 50.c6 Kxh5 51.c7 Bd7 52.Kf1 Kg5 53.Ke1 Kf5 54.Kd2 Ke5 55.
Kc3 Kd6 56.Kb4 Kxc7 57.Kxa3 a5 58.Kb2 Kb6 59.Kc3 Kc5 60.Ba2 a4 61.Bc4 Bf5 
62.Ba2 Be4 63.d6 Kxd6 64.Kb4 Bc6 65.Bc4 Ke5 66.Kc5 Be4 67.Kb4 Bc2 68.Kc3 
Be4 69.Kb4 Bc2 70.Kc3 Bd1 71.Bb5 Bb3 72.Bd7 Bd1 73.Bxg4 1/2-1/2

[Event "26th EUR-ch"]
[Site "Katowice POL"]
[Date "2026.04.18"]
[Round "10.185"]
[White "Pousada Garcia, Victor Daniel"]
[Black "Witczak, Borys"]
[Result "1-0"]
[WhiteElo "1984"]
[BlackElo "2161"]
[EventDate "2026.04.07"]
[PlyCount "85"]

1.e4 c5 2.Nf3 d6 3.d4 cxd4 4.Qxd4 Nc6 5.Bb5 Bd7 6.Qd3 a6 7.Bxc6 Bxc6 8.c4 
b5 9.b3 Nf6 10.Nc3 b4 11.Nd5 e6 12.Nxf6+ Qxf6 13.Nd4 Bb7 14.O-O Be7 15.Bd2
a5 16.a3 bxa3 17.Rxa3 d5 18.Rxa5 Rxa5 19.Bxa5 dxe4 20.Qc3 Qg5 21.f4 exf3 
22.Nxf3 Qc5+ 23.Kh1 O-O 24.b4 Qf5 25.c5 Ba6 26.Rc1 Bf6 27.Qb3 Qf4 28.Rc2 
e5 29.b5 Bc8 30.b6 e4 31.Ng1 Bd4 32.Qg3 Qf5 33.Bc3 Qf6 34.Bxd4 Qxd4 35.Qc3
Qd8 36.Qb2 e3 37.c6 Ba6 38.b7 Qc7 39.Qa3 Qb6 40.Rb2 Bb5 41.Qb4 e2 42.Nxe2 
Rd8 43.Rb1 1-0

[Event "26th EUR-ch"]
[Site "Katowice POL"]
[Date "2026.04.18"]
[Round "10.186"]
[White "Hlavacek, Pavel"]
[Black "Rybackova, Lucie"]
[Result "0-1"]
[WhiteElo "1982"]
[BlackElo "2157"]
[EventDate "2026.04.07"]
[PlyCount "114"]

1.d4 e6 2.c4 f5 3.Nf3 Nf6 4.g3 Be7 5.Bg2 d5 6.O-O Ne4 7.Nc3 O-O 8.cxd5 
exd5 9.Qb3 c6 10.Ne5 Qb6 11.Qxb6 axb6 12.f3 Nxc3 13.bxc3 Nd7 14.Bf4 Ra3 
15.Rfc1 b5 16.e4 Nxe5 17.Bxe5 dxe4 18.fxe4 fxe4 19.Bxe4 Be6 20.d5 cxd5 21.
Bg2 Bc5+ 22.Bd4 b6 23.Rab1 Rc8 24.Kf1 Rxa2 25.Re1 Bf7 26.Rxb5 Bxd4 27.cxd4
Rcc2 28.Bxd5 Rf2+ 29.Kg1 Bxd5 30.Rxd5 Rg2+ 31.Kh1 Rxh2+ 32.Kg1 Rag2+ 33.
Kf1 Rf2+ 34.Kg1 Rhg2+ 35.Kh1 Rxg3 36.Rd8+ Rf8 37.Rd7 h6 38.d5 Rf5 39.Kh2 
Rg6 40.Re3 Rh5+ 41.Rh3 Rxh3+ 42.Kxh3 Rg5 43.d6 b5 44.Rb7 Rd5 45.d7 Kf8 46.
Kg4 Ke7 47.Kh4 Rxd7 48.Rxb5 Ke6 49.Rb6+ Rd6 50.Rb7 Kf6 51.Rb5 g6 52.Kg4 
Rd4+ 53.Kg3 h5 54.Rb6+ Kg5 55.Rb5+ Kh6 56.Kh3 Rd6 57.Kg3 g5 0-1

[Event "26th EUR-ch"]
[Site "Katowice POL"]
[Date "2026.04.18"]
[Round "10.187"]
[White "Helis, Tadeusz"]
[Black "Zakin, Lior"]
[Result "0-1"]
[WhiteElo "2141"]
[BlackElo "1985"]
[EventDate "2026.04.07"]
[PlyCount "56"]

1.Nf3 Nf6 2.d4 g6 3.g3 Bg7 4.Bg2 O-O 5.O-O d6 6.c4 a5 7.Nc3 Re8 8.Qc2 Nc6 
9.Rd1 Bf5 10.e4 Bg4 11.h3 Bxf3 12.Bxf3 e5 13.dxe5 Nd7 14.exd6 Nd4 15.Rxd4 
Bxd4 16.dxc7 Qxc7 17.Nb5 Qxg3+ 18.Bg2 Bc5 19.Kf1 Qh2 20.Bg5 Ne5 21.Bh4 Nf3
22.Bxf3 Qxh3+ 23.Bg2 Qxh4 24.Nc7 Red8 25.Nxa8 Qf4 26.Re1 Rd2 27.Re2 Rxc2 
28.Rxc2 Qb8 0-1

[Event "26th EUR-ch"]
[Site "Katowice POL"]
[Date "2026.04.18"]
[Round "10.188"]
[White "Kyparissopoulos, Spyridon"]
[Black "Rozhok, Oleksii"]
[Result "0-1"]
[WhiteElo "2133"]
[BlackElo "1979"]
[EventDate "2026.04.07"]
[PlyCount "86"]

1.d4 Nf6 2.c4 g6 3.Nc3 d5 4.cxd5 Nxd5 5.e4 Nxc3 6.bxc3 c5 7.Bb5+ Nc6 8.Nf3
Bg7 9.O-O O-O 10.d5 Ne5 11.Nxe5 Bxe5 12.Be3 Qa5 13.Rb1 Bxc3 14.Bc4 Qc7 15.
f4 Bg7 16.e5 Rd8 17.Qb3 b6 18.Rbd1 Bf5 19.Rd2 Bf8 20.h3 h5 21.Qd1 a6 22.g4
hxg4 23.hxg4 Be4 24.a4 b5 25.axb5 axb5 26.Bxb5 Qa5 27.Bc6 Qc3 28.Qe2 Ra3 
29.Kf2 Rb8 30.Rfd1 Rbb3 31.d6 Bxc6 32.Rd3 Qxd3 33.Rxd3 Rxd3 34.d7 Rxd7 35.
Bxc5 Rf3+ 36.Ke1 Rxf4 37.e6 Rd5 38.exf7+ Kxf7 39.Be3 Rf6 40.g5 Re6 41.Qf3+
Rf5 42.Qh3 Rf3 43.Qh7+ Bg7 0-1

[Event "26th EUR-ch"]
[Site "Katowice POL"]
[Date "2026.04.18"]
[Round "10.189"]
[White "Olbrycht, Hubert"]
[Black "Pietruszewski, Marcin"]
[Result "1/2-1/2"]
[WhiteElo "1940"]
[BlackElo "2127"]
[EventDate "2026.04.07"]
[PlyCount "56"]

1.e4 c6 2.d4 d5 3.e5 Bf5 4.Nf3 e6 5.Be2 c5 6.c3 Nc6 7.O-O cxd4 8.Nxd4 Nxd4
9.cxd4 Ne7 10.Nc3 Nc6 11.g4 Bg6 12.f4 f5 13.exf6 Qxf6 14.f5 exf5 15.Nxd5 
Qd6 16.Bf3 O-O-O 17.Bf4 Qd7 18.Rc1 Bd6 19.Nb6+ axb6 20.Bxd6 Qxd6 21.d5 Qb4
22.a3 Qb5 23.Qd2 Rhe8 24.Qg2 Bf7 25.dxc6 Bd5 26.cxb7+ Kxb7 27.Qc2 Bxf3 28.
Rxf3 Rc8 1/2-1/2

[Event "26th EUR-ch"]
[Site "Katowice POL"]
[Date "2026.04.18"]
[Round "10.190"]
[White "Lorenz, Roger"]
[Black "Tyshniuk, Roman"]
[Result "0-1"]
[WhiteElo "2118"]
[BlackElo "1931"]
[EventDate "2026.04.07"]
[PlyCount "106"]

1.d4 Nf6 2.c4 e6 3.Nc3 d5 4.cxd5 exd5 5.Bg5 Bb4 6.e3 h6 7.Bh4 g5 8.Bg3 Ne4
9.Ne2 h5 10.h4 Bg4 11.f3 Nxg3 12.Nxg3 Be6 13.Qa4+ Nc6 14.Bb5 Bd6 15.Nge2 
Bd7 16.O-O-O a6 17.Bxc6 Bxc6 18.Qb3 Qe7 19.Nxd5 Bxd5 20.Qxd5 Qxe3+ 21.Kb1 
O-O-O 22.Nc3 Rhg8 23.Qxf7 gxh4 24.Rhe1 Qg5 25.Re2 Qg6+ 26.Qxg6 Rxg6 27.d5 
Rdg8 28.Rd4 Rxg2 29.Rxh4 Rxe2 30.Nxe2 Rg2 31.Nf4 Rd2 32.Nxh5 Be5 33.Re4 
Rxb2+ 34.Kc1 Bc3 35.d6 Rh2 36.Ng3 Bb2+ 37.Kb1 cxd6 38.Nf5 Ba3 39.Re6 Rb2+ 
40.Ka1 Rf2 41.Kb1 Rxf3 42.Ne7+ Kd7 43.Re2 Rc3 44.Re1 Rc1+ 45.Rxc1 Bxc1 46.
Nd5 Bg5 47.Kc2 Kc6 48.Nc3 d5 49.Kd3 Bf6 50.Nd1 Kc5 51.Ne3 b5 52.Nc2 a5 53.
Na1 Bxa1 0-1

[Event "26th EUR-ch"]
[Site "Katowice POL"]
[Date "2026.04.18"]
[Round "10.191"]
[White "Gbiorczyk, Mikolaj"]
[Black "Konopka, Jeremie"]
[Result "1-0"]
[WhiteElo "2116"]
[BlackElo "1930"]
[EventDate "2026.04.07"]
[PlyCount "51"]

1.e4 g6 2.d4 Bg7 3.Nc3 d6 4.Be3 Nf6 5.h3 c6 6.f4 O-O 7.Nf3 e6 8.Bd3 Re8 9.
O-O b5 10.a3 Nbd7 11.e5 Nd5 12.Nxd5 exd5 13.Qd2 Nb6 14.b3 a5 15.Rae1 a4 
16.f5 dxe5 17.dxe5 axb3 18.cxb3 Rxa3 19.Bg5 Qc7 20.Bh6 Bh8 21.e6 f6 22.
fxg6 hxg6 23.Bxg6 Rxe6 24.Ng5 Re5 25.Rxe5 Qxe5 26.Bh7# 1-0

[Event "26th EUR-ch"]
[Site "Katowice POL"]
[Date "2026.04.18"]
[Round "10.192"]
[White "Kasperczyk, Szymon"]
[Black "Hury, Tymoteusz"]
[Result "1/2-1/2"]
[WhiteElo "1910"]
[BlackElo "2115"]
[EventDate "2026.04.07"]
[PlyCount "107"]

1.c4 g6 2.Nc3 Bg7 3.g3 Nf6 4.Bg2 d6 5.e3 O-O 6.Nge2 e5 7.O-O Nc6 8.a3 Be6 
9.d3 d5 10.d4 exd4 11.exd4 Ne7 12.c5 c6 13.Bf4 Nh5 14.Bg5 h6 15.Bd2 Qd7 
16.Re1 Rfe8 17.Nf4 Nxf4 18.Bxf4 g5 19.Be3 Ng6 20.Qd2 Bh3 21.Rad1 Re7 22.f3
Rae8 23.Bf2 Bf6 24.Rxe7 Rxe7 25.Re1 Bxg2 26.Kxg2 Qf5 27.Rxe7 Bxe7 28.Qd1 
h5 29.Qb1 Qd7 30.b4 Kg7 31.b5 h4 32.bxc6 bxc6 33.Nd1 Bf6 34.Ne3 Kh7 35.Qf5
Qe6 36.Qxe6 fxe6 37.Nc2 hxg3 38.hxg3 Kg7 39.Nb4 Ne7 40.f4 gxf4 41.gxf4 a5 
42.Nc2 Nf5 43.Kf3 Kg6 44.Kg4 Nh6+ 45.Kf3 Kh5 46.Be1 Bd8 47.a4 Nf5 48.Bc3 
Bc7 49.Na1 Nh4+ 50.Kg3 Nf5+ 51.Kf3 Nh4+ 52.Kg3 Nf5+ 53.Kf3 Nh4+ 54.Kf2 
1/2-1/2

[Event "26th EUR-ch"]
[Site "Katowice POL"]
[Date "2026.04.18"]
[Round "10.193"]
[White "Flak, Pawel"]
[Black "Zelak, Wladyslaw"]
[Result "1/2-1/2"]
[WhiteElo "2111"]
[BlackElo "1867"]
[EventDate "2026.04.07"]
[PlyCount "154"]

1.d4 d5 2.Nf3 Nf6 3.g3 g6 4.Bg2 Bg7 5.O-O O-O 6.c4 dxc4 7.Nbd2 b5 8.a4 c6 
9.Ne5 Nd5 10.Ne4 f6 11.Nf3 Be6 12.Nc5 Bf7 13.e4 Nb6 14.Bh3 Qd6 15.b4 cxb3 
16.axb5 cxb5 17.Nxb3 N8d7 18.d5 f5 19.Bf4 Qb4 20.Nfd4 fxe4 21.Nc6 Qc3 22.
Nbd4 Bxd5 23.Rc1 Qd3 24.Nxe7+ Kh8 25.Qxd3 exd3 26.Nxb5 Bf3 27.Nc7 Rad8 28.
Nc6 Rxf4 29.gxf4 Rf8 30.Ne6 Re8 31.Ncd4 d2 32.Nxf3 dxc1=Q 33.Rxc1 Bb2 34.
Rc2 Bf6 35.Rc7 a5 36.Nfg5 a4 37.Nf7+ Kg8 38.Nh6+ Kh8 39.Nf7+ Kg8 40.Nh6+ 
Kh8 41.Ra7 Bg7 42.Nf7+ Kg8 43.Nxg7 Re1+ 44.Kg2 Kxf7 45.Bxd7 Nxd7 46.Rxd7+ 
Re7 47.Rd3 Kxg7 48.Ra3 Ra7 49.Kf3 Kf6 50.Kg4 h5+ 51.Kg3 Kf5 52.f3 h4+ 53.
Kxh4 Kxf4 54.Kh3 Ra5 55.Kg2 Ke5 56.Kf2 Kd4 57.Ke2 Kc4 58.Kd1 Kb4 59.Ra1 
Kb3 60.Rb1+ Ka2 61.Rb6 g5 62.Ke2 a3 63.Kf2 Rc5 64.Kg3 Rc2 65.h4 gxh4+ 66.
Kxh4 Rb2 67.Ra6 Kb3 68.f4 a2 69.f5 Rb1 70.f6 a1=Q 71.Rxa1 Rxa1 72.Kg5 Kc4 
73.f7 Rf1 74.Kg6 Kd5 75.Kg7 Rg1+ 76.Kh7 Rf1 77.Kg7 Ke5 1/2-1/2

[Event "26th EUR-ch"]
[Site "Katowice POL"]
[Date "2026.04.18"]
[Round "10.194"]
[White "Hasson Schrager, Shalev"]
[Black "Pyrek, Marcin"]
[Result "0-1"]
[WhiteElo "2110"]
[BlackElo "1854"]
[EventDate "2026.04.07"]
[PlyCount "80"]

1.d4 Nf6 2.c4 g6 3.Nc3 Bg7 4.e4 d6 5.Be2 O-O 6.Be3 e5 7.d5 Nbd7 8.g4 Nc5 
9.f3 a5 10.h4 c6 11.h5 a4 12.hxg6 fxg6 13.Qd2 cxd5 14.cxd5 Bd7 15.Nh3 Qa5 
16.Nf2 Rac8 17.Bh6 Bxh6 18.Rxh6 a3 19.bxa3 Qxa3 20.Rb1 Rc7 21.Nfd1 Rfc8 
22.Ne3 Nd3+ 23.Bxd3 Rxc3 24.Ke2 b5 25.Rhh1 Qc5 26.Nd1 Ra3 27.Rb3 Rca8 28.
Rxa3 Qxa3 29.Bb1 b4 30.Qg5 Bb5+ 31.Kf2 Rf8 32.Ne3 Bd3 33.Kg3 Bxb1 34.Rxb1 
Qxa2 35.Rxb4 Qd2 36.Rc4 Qe1+ 37.Kg2 Qe2+ 38.Kg3 Nxe4+ 39.Rxe4 Rxf3+ 40.Kh4
Qh2# 0-1

[Event "26th EUR-ch"]
[Site "Katowice POL"]
[Date "2026.04.18"]
[Round "10.195"]
[White "Zieba, Franciszek"]
[Black "Palamarchuk, Andriy"]
[Result "0-1"]
[WhiteElo "1847"]
[BlackElo "2110"]
[EventDate "2026.04.07"]
[PlyCount "78"]

1.e4 e5 2.Nf3 Nc6 3.Bc4 Be7 4.O-O Nf6 5.d3 d6 6.h3 Be6 7.Bb3 h6 8.Nc3 Qd7 
9.Re1 g5 10.Bxe6 fxe6 11.d4 exd4 12.Nxd4 Nxd4 13.Qxd4 e5 14.Qc4 c6 15.Rd1 
g4 16.hxg4 Qxg4 17.f3 d5 18.Qe2 Qg3 19.Qf2 Qxf2+ 20.Kxf2 Bc5+ 21.Ke2 Rg8 
22.g4 dxe4 23.Nxe4 Nxe4 24.fxe4 Rxg4 25.Bxh6 Ke7 26.Kd3 b5 27.c3 Rg2 28.
Rd2 Rd8+ 29.Kc2 Rdxd2+ 30.Bxd2 Be3 31.Rd1 Kf6 32.Kd3 Bxd2 33.Rxd2 Rxd2+ 
34.Kxd2 Kg5 35.Ke3 Kg4 36.b3 Kg3 37.a3 Kg4 38.c4 bxc4 39.bxc4 c5 0-1

[Event "26th EUR-ch"]
[Site "Katowice POL"]
[Date "2026.04.18"]
[Round "10.197"]
[White "Was, Stanislaw"]
[Black "Blanquet, Camille"]
[Result "0-1"]
[WhiteElo "1807"]
[BlackElo "2107"]
[EventDate "2026.04.07"]
[PlyCount "74"]

1.e4 c5 2.Nf3 Nc6 3.b4 Nxb4 4.c3 Nc6 5.d4 cxd4 6.cxd4 e6 7.Nc3 Nf6 8.Bd3 
Bb4 9.Bd2 d6 10.O-O O-O 11.Rc1 e5 12.d5 Ne7 13.Qb3 Bc5 14.Na4 b6 15.Bg5 
Ng6 16.Nh4 h6 17.Nxg6 fxg6 18.Nxc5 bxc5 19.Bd2 Nh5 20.Rce1 Nf4 21.Bxf4 
Rxf4 22.Re3 Bd7 23.g3 Rf8 24.Qd1 Qf6 25.f4 exf4 26.gxf4 Qd4 27.Qf3 Rab8 
28.Rf2 c4 29.Bf1 Rb1 30.Qg3 Bb5 31.Kg2 Bd7 32.Rc2 Rc8 33.Qf3 Ba4 34.Rf2 c3
35.Qh3 Rbb8 36.Qe6+ Kh8 37.Rd3 Qf6 0-1

[Event "26th EUR-ch"]
[Site "Katowice POL"]
[Date "2026.04.18"]
[Round "10.198"]
[White "Zielinski, Marcin"]
[Black "Triger, Eitan"]
[Result "0-1"]
[WhiteElo "1785"]
[BlackElo "2095"]
[EventDate "2026.04.07"]
[PlyCount "70"]

1.d4 Nf6 2.c4 c6 3.Nc3 d5 4.cxd5 cxd5 5.f3 Bf5 6.g4 Bg6 7.e3 e6 8.h4 h5 9.
g5 Nfd7 10.Nh3 Bd6 11.Bd3 Bxd3 12.Qxd3 g6 13.Bd2 Nc6 14.Nb5 Bg3+ 15.Nf2 a6
16.Na3 O-O 17.f4 Qb6 18.Ke2 Bxf2 19.Kxf2 Ne7 20.Nc2 Nf5 21.Bc3 Rac8 22.
Rac1 Rc6 23.Kg2 Rfc8 24.Kh3 Nd6 25.Rh2 Ne4 26.Nb4 Rc4 27.a3 a5 28.Na2 Qb3 
29.Qb1 Nb6 30.Re2 Na4 31.Bxa5 Rxc1 32.Nxc1 Qd1 33.Re1 Qg4+ 34.Kh2 Qg3+ 35.
Kh1 Nf2# 0-1

[Event "26th EUR-ch"]
[Site "Katowice POL"]
[Date "2026.04.18"]
[Round "10.200"]
[White "Rudzinska, Michalina"]
[Black "Malecki, Rafal"]
[Result "1-0"]
[WhiteElo "2203"]
[BlackElo "1992"]
[EventDate "2026.04.07"]
[PlyCount "39"]

1.e4 d6 2.d4 g6 3.Nc3 Bg7 4.Be3 Nf6 5.Qd2 c6 6.Nf3 Nbd7 7.Bh6 Bxh6 8.Qxh6 
Qa5 9.Bd3 Qh5 10.Qd2 e5 11.dxe5 dxe5 12.h3 Ng8 13.Bc4 Nb6 14.O-O-O Qh6 15.
Ng5 Be6 16.Bxe6 fxe6 17.f4 Ne7 18.Nxe6 Kf7 19.Ng5+ Kg7 20.Qd6 1-0

[Event "26th EUR-ch"]
[Site "Katowice POL"]
[Date "2026.04.18"]
[Round "10.201"]
[White "Starosta, Martyna"]
[Black "Malinowski, Damian"]
[Result "1-0"]
[WhiteElo "2199"]
[BlackElo "1984"]
[EventDate "2026.04.07"]
[PlyCount "79"]

1.e4 c6 2.d4 d5 3.Nc3 dxe4 4.Nxe4 Bf5 5.Ng3 Bg6 6.h4 h6 7.f4 e6 8.Nf3 Bd6 
9.h5 Bh7 10.Bd3 Bxd3 11.Qxd3 Ne7 12.Ne4 Nd5 13.g3 Qc7 14.Ne5 Nd7 15.Bd2 
N5f6 16.Nxd6+ Qxd6 17.O-O-O b5 18.Kb1 a5 19.g4 Nd5 20.Rhe1 Nxe5 21.Rxe5 
Nb4 22.Qe4 O-O 23.g5 hxg5 24.Rxg5 Kh8 25.Rdg1 Rg8 26.Qg2 Qf8 27.f5 exf5 
28.Rxf5 Qd6 29.d5 Nxd5 30.Rxf7 Qe5 31.Qg6 Raf8 32.h6 Rxf7 33.Qxf7 g5 34.
Re1 Qc7 35.Qxc7 Nxc7 36.Bc3+ Kh7 37.Re7+ Kxh6 38.Rxc7 Rg6 39.Bxa5 g4 40.
Bd2+ 1-0

[Event "26th EUR-ch"]
[Site "Katowice POL"]
[Date "2026.04.18"]
[Round "10.202"]
[White "Sliwicki, Damian"]
[Black "Modzelewski, Filip"]
[Result "1-0"]
[WhiteElo "2176"]
[BlackElo "1971"]
[EventDate "2026.04.07"]
[PlyCount "61"]

1.e4 c5 2.Nf3 d6 3.d4 Nf6 4.Nc3 cxd4 5.Qxd4 Nc6 6.Bb5 Bd7 7.Bxc6 Bxc6 8.
Bg5 e6 9.O-O-O Be7 10.Rhe1 O-O 11.Kb1 Qc7 12.Qd3 Rfc8 13.Nd4 a6 14.f4 h6 
15.h4 b5 16.Bxf6 Bxf6 17.g4 Be8 18.Nce2 Qc4 19.Qd2 Bc6 20.Nxc6 Rxc6 21.g5 
Be7 22.gxh6 Rac8 23.Nd4 R6c7 24.hxg7 Bf6 25.e5 Bxg7 26.Rg1 Kf8 27.Qg2 f5 
28.exf6 Bxf6 29.Qg8+ Ke7 30.Qh7+ Ke8 31.Rg8# 1-0

[Event "26th EUR-ch"]
[Site "Katowice POL"]
[Date "2026.04.18"]
[Round "10.203"]
[White "Destic, Elena"]
[Black "Kulich, Filip"]
[Result "0-1"]
[WhiteElo "1953"]
[BlackElo "2171"]
[EventDate "2026.04.07"]
[PlyCount "154"]

1.e4 c5 2.d4 cxd4 3.Qxd4 Nc6 4.Qd3 e6 5.Nc3 Nf6 6.Bf4 a6 7.O-O-O b5 8.e5 
Qc7 9.Qf3 Ng8 10.Bd3 Bb7 11.Qg3 Nge7 12.Nge2 b4 13.Ne4 Nf5 14.Qf3 O-O-O 
15.g4 Nh4 16.Qg3 Ng6 17.Nd6+ Bxd6 18.exd6 Qa5 19.Bxg6 hxg6 20.Qb3 Kb8 21.
Rhe1 Rc8 22.Nd4 Qc5 23.Nxc6+ Rxc6 24.Be3 Qc4 25.Rd4 Qxb3 26.axb3 a5 27.Bf4
f6 28.Rc4 g5 29.Bg3 Rxc4 30.bxc4 Bf3 31.Kd2 Kb7 32.Ra1 Ka6 33.c3 Rb8 34.
cxb4 Rxb4 35.Kc3 Bxg4 36.Rh1 Bf3 37.Re1 Rb8 38.Re3 Bc6 39.b3 e5 40.f3 Ba8 
41.Be1 Rh8 42.Bg3 Kb6 43.b4 axb4+ 44.Kxb4 Kc6 45.Rd3 Rb8+ 46.Kc3 Rb1 47.
Bf2 Bb7 48.Kc2 Rf1 49.Ba7 Ra1 50.Bb8 Ba6 51.Rc3 Kc5 52.Kd3 Ra4 53.Bc7 
Bxc4+ 54.Ke4 Kb5 55.Bd8 Bf7+ 56.Ke3 Rf4 57.Be7 Bh5 58.Ke2 e4 59.Rc7 exf3+ 
60.Kf2 Bg4 61.Rc8 Re4 62.Rc2 Kb4 63.Bf8 g6 64.h3 Kb3 65.Rd2 Bxh3 66.Rd3+ 
Kc4 67.Rxf3 Bf5 68.Be7 Re6 69.Ra3 Be4 70.Rh3 g4 71.Rh7 f5 72.Bf8 Bc6 73.
Rf7 Kd3 74.Be7 Re3 75.Rg7 g3+ 76.Kf1 g2+ 77.Kf2 Re2+ 0-1

[Event "26th EUR-ch"]
[Site "Katowice POL"]
[Date "2026.04.18"]
[Round "10.204"]
[White "Chmiel, Dominika"]
[Black "Sertbay, Huseyin"]
[Result "1-0"]
[WhiteElo "1932"]
[BlackElo "2171"]
[EventDate "2026.04.07"]
[PlyCount "83"]

1.e4 c5 2.Nf3 Nc6 3.d4 cxd4 4.Nxd4 Qb6 5.Nb3 g6 6.c4 Bg7 7.Be3 Qd8 8.Nc3 
Bxc3+ 9.bxc3 Nf6 10.f3 O-O 11.Be2 d6 12.O-O Qc7 13.g4 Ne5 14.c5 dxc5 15.g5
Rd8 16.Qe1 Nfd7 17.f4 c4 18.fxe5 cxb3 19.e6 fxe6 20.axb3 Qc6 21.Rf4 e5 22.
Bc4+ e6 23.Rh4 b5 24.Bd3 Nc5 25.Bc2 Bb7 26.Rd1 Rf8 27.b4 Nd7 28.Bb3 Rf3 
29.Qd2 Rf7 30.Rg4 Rc8 31.Bxa7 Nb6 32.Qd6 Nc4 33.Qxc6 Rxc6 34.Bc5 Rxc5 35.
bxc5 Ne3 36.Rd8+ Kg7 37.h3 Nxg4 38.hxg4 Re7 39.Bxe6 h6 40.Rd7 Kf8 41.Rxe7 
Kxe7 42.gxh6 1-0

[Event "26th EUR-ch"]
[Site "Katowice POL"]
[Date "2026.04.18"]
[Round "10.205"]
[White "Damaso Tacoronte, Carolina"]
[Black "Zadrapova, Amalie"]
[Result "0-1"]
[WhiteElo "1918"]
[BlackElo "2140"]
[EventDate "2026.04.07"]
[PlyCount "70"]

1.d4 Nf6 2.c4 g6 3.Nc3 Bg7 4.e4 d6 5.Be2 O-O 6.Bg5 Na6 7.Nf3 h6 8.Be3 e5 
9.d5 Ng4 10.Bd2 f5 11.h3 Nf6 12.exf5 gxf5 13.Qc1 f4 14.Qc2 Nb4 15.Qb3 a5 
16.a3 Na6 17.Qc2 Nc5 18.Nh2 a4 19.Ng4 Nb3 20.Rd1 Nd4 21.Nxf6+ Qxf6 22.Qb1 
Nxe2 23.Nxe2 f3 24.gxf3 Qxf3 25.Rh2 Bf5 26.Ng1 Qh5 27.Qc1 Qg6 28.Kf1 Bd3+ 
29.Ne2 Qh5 30.Re1 Rf3 31.Kg2 Raf8 32.Be3 Be4 33.Kg1 Rxh3 34.Ng3 Rxh2 35.
Nxh5 Rh1# 0-1

[Event "26th EUR-ch"]
[Site "Katowice POL"]
[Date "2026.04.18"]
[Round "10.206"]
[White "Atienza Alvarez, Javier"]
[Black "Czyz, Andrzej"]
[Result "1-0"]
[WhiteElo "2127"]
[BlackElo "1936"]
[EventDate "2026.04.07"]
[PlyCount "81"]

1.d4 Nf6 2.c4 e6 3.g3 d5 4.Bg2 Be7 5.Nf3 dxc4 6.O-O O-O 7.Ne5 Nc6 8.Bxc6 
bxc6 9.Nxc6 Qe8 10.Nxe7+ Qxe7 11.Qc2 e5 12.dxe5 Qxe5 13.Bf4 Qh5 14.f3 Qc5+
15.Kg2 Nd5 16.Bd2 Be6 17.Na3 c3 18.e4 Ne3+ 19.Bxe3 Qxe3 20.Qxc3 Qh6 21.
Rfd1 c6 22.Nc4 Rfd8 23.Ne5 c5 24.Qxc5 Rdc8 25.Qf2 a5 26.Rd2 a4 27.h4 f5 
28.exf5 Bxf5 29.g4 Qf4 30.Qd4 Qxd4 31.Rxd4 Be6 32.Kg3 g6 33.Rd6 Re8 34.f4 
Rab8 35.Rd2 Kg7 36.Rc1 Rb7 37.a3 Ree7 38.Rc6 Rb3+ 39.Kg2 Bc8 40.Rxc8 Reb7 
41.Rcc2 1-0

[Event "26th EUR-ch"]
[Site "Katowice POL"]
[Date "2026.04.18"]
[Round "10.207"]
[White "Tudoroiu, Razvan-Catalin"]
[Black "Madera, Mateusz"]
[Result "1-0"]
[WhiteElo "2121"]
[BlackElo "1902"]
[EventDate "2026.04.07"]
[PlyCount "51"]

1.d4 d5 2.c4 e6 3.Nf3 Nf6 4.Nc3 Be7 5.Bf4 O-O 6.e3 b6 7.Bd3 dxc4 8.Bxc4 
Bb7 9.O-O a6 10.Qe2 b5 11.Bd3 c5 12.dxc5 Bxc5 13.Rfd1 Qe7 14.a3 Rd8 15.e4 
Nh5 16.Bg5 f6 17.Be3 Bxe3 18.Qxe3 e5 19.a4 bxa4 20.Bc4+ Kh8 21.Nh4 Rxd1+ 
22.Rxd1 Nc6 23.Nd5 Qd8 24.Be2 g6 25.Nxg6+ Kg7 26.Nh4 1-0

[Event "26th EUR-ch"]
[Site "Katowice POL"]
[Date "2026.04.18"]
[Round "10.208"]
[White "Vegh, Endre"]
[Black "Ivanauskas, Deividas"]
[Result "1/2-1/2"]
[WhiteElo "2121"]
[BlackElo "1883"]
[EventDate "2026.04.07"]
[PlyCount "117"]

1.d4 d5 2.c4 e6 3.Nc3 h6 4.e4 dxe4 5.Nxe4 Bb4+ 6.Nc3 c5 7.Nf3 Nf6 8.Be2 
Nc6 9.a3 Ba5 10.Be3 O-O 11.O-O Qe7 12.dxc5 Bxc3 13.bxc3 Ne4 14.Qc2 Nxc5 
15.Rfd1 b6 16.Nd4 Na5 17.Nb5 Ba6 18.Rab1 Rfd8 19.Rd4 Bb7 20.Rbd1 a6 21.
Rxd8+ Rxd8 22.Rxd8+ Qxd8 23.Nd4 e5 24.Nf3 Be4 25.Qb2 Qd6 26.Qb4 f6 27.h3 
Kf8 28.Nd2 Bg6 29.Bf3 Ke7 30.Bd5 Bf7 31.Qb1 Qd8 32.Qb4 Qd6 33.Qb1 Bxd5 34.
cxd5 b5 35.Qh7 Kf8 36.Qh8+ Kf7 37.Qh7 Qxd5 38.Bxh6 Ne6 39.Be3 Nf8 40.Qh5+ 
Kg8 41.Qe8 Nc4 42.Nxc4 Qxc4 43.Qa8 Qxc3 44.Qxa6 b4 45.axb4 Qxb4 46.Qc8 Kh7
47.Bc5 Qb1+ 48.Kh2 Ng6 49.Qg4 Qd3 50.Qh5+ Kg8 51.Be3 Nf8 52.Bc5 Qg6 53.Qf3
Ne6 54.Qd5 Qf7 55.Be3 Nf8 56.Qa8 Kh7 57.Qe4+ Kg8 58.Qa8 Kh7 59.Qe4+ 
1/2-1/2

[Event "26th EUR-ch"]
[Site "Katowice POL"]
[Date "2026.04.18"]
[Round "10.209"]
[White "Hrckova, Anna"]
[Black "Zeissel, Andrzej"]
[Result "0-1"]
[WhiteElo "1779"]
[BlackElo "2117"]
[EventDate "2026.04.07"]
[PlyCount "28"]

1.e4 c5 2.c3 Nf6 3.e5 Nd5 4.Nf3 d6 5.d4 cxd4 6.cxd4 Nc6 7.Bc4 dxe5 8.dxe5 
Be6 9.Ng5 Nc3 10.Qc2 Bxc4 11.Qxc3 Qd5 12.Nf3 e6 13.a3 Rd8 14.Be3 Qd1# 0-1

[Event "26th EUR-ch"]
[Site "Katowice POL"]
[Date "2026.04.18"]
[Round "10.210"]
[White "Bochniak, Franciszek"]
[Black "Krzeszewski, Filip"]
[Result "1-0"]
[WhiteElo "2107"]
[BlackElo "1759"]
[EventDate "2026.04.07"]
[PlyCount "89"]

1.Nf3 Nf6 2.b3 g6 3.Bb2 Bg7 4.c4 O-O 5.e3 c5 6.Be2 b6 7.O-O Bb7 8.Nc3 d5 
9.Nxd5 Nxd5 10.Bxg7 Kxg7 11.cxd5 Qxd5 12.d4 cxd4 13.Qxd4+ Qxd4 14.Nxd4 Nd7
15.Rfd1 Nf6 16.f3 Rac8 17.Rd2 Rc3 18.Kf2 Rfc8 19.Bc4 e5 20.Ne2 R3xc4 21.
bxc4 Rxc4 22.Rc1 Ba6 23.Rxc4 Bxc4 24.Nc3 b5 25.Rb2 a6 26.a4 bxa4 27.Rb4 
Bb5 28.Nxb5 axb5 29.Rxb5 e4 30.Ra5 Nd7 31.fxe4 Nb6 32.Ra6 Nc4 33.Rxa4 Ne5 
34.h3 Nd3+ 35.Ke2 Nc5 36.Rc4 Ne6 37.e5 g5 38.Rc6 Kg6 39.g4 h5 40.Kd3 hxg4 
41.hxg4 Kg7 42.Rxe6 fxe6 43.Kc4 Kf8 44.Kc5 Ke7 45.Kc6 1-0

[Event "26th EUR-ch"]
[Site "Katowice POL"]
[Date "2026.04.18"]
[Round "10.211"]
[White "Klementys, Jerzy"]
[Black "Bubalovic, Davorin"]
[Result "0-1"]
[WhiteElo "1734"]
[BlackElo "2087"]
[EventDate "2026.04.07"]
[PlyCount "71"]

1.d4 Nf6 2.c4 g6 3.Nc3 Bg7 4.e4 d6 5.Nf3 O-O 6.Be2 e5 7.dxe5 dxe5 8.Qxd8 
Rxd8 9.Bg5 Re8 10.Nd5 Nxd5 11.cxd5 c6 12.Bc4 cxd5 13.Bxd5 Na6 14.O-O-O Nc7
15.Bb3 Be6 16.Rd3 Bxb3 17.Rxb3 Ne6 18.Be3 b6 19.Rd1 f5 20.exf5 gxf5 21.Ng5
Nd4 22.Bxd4 exd4 23.Rbd3 Re2 24.R1d2 Re7 25.f4 Rc8+ 26.Kd1 Rd8 27.Re2 Rxe2
28.Kxe2 h6 29.Nf3 Re8+ 30.Kd2 Re4 31.g3 Kf7 32.Rb3 Bf8 33.Ne5+ Ke6 34.Nc6 
Kd5 35.Nxa7 Kc4 36.a3 0-1

[Event "26th EUR-ch"]
[Site "Katowice POL"]
[Date "2026.04.18"]
[Round "10.212"]
[White "Kulich, Daniel"]
[Black "Kozera, Patryk"]
[Result "1-0"]
[WhiteElo "2045"]
[BlackElo "1694"]
[EventDate "2026.04.07"]
[PlyCount "89"]

1.d4 Nf6 2.c4 g6 3.Nc3 Bg7 4.e4 d6 5.h3 e5 6.d5 Nbd7 7.Be3 a5 8.g4 Nc5 9.
f3 h5 10.g5 Nfd7 11.Qd2 O-O 12.Nge2 a4 13.Nb5 b6 14.Nec3 Ba6 15.Na3 f5 16.
gxf6 Qxf6 17.Be2 Qh4+ 18.Kd1 Rf4 19.Bxf4 exf4 20.Nab5 Bxb5 21.cxb5 a3 22.
b3 Kh7 23.Kc2 Ne5 24.Rag1 Rf8 25.Qe1 Qf6 26.b4 Ncd7 27.Kb3 Ra8 28.Qd2 Qh4 
29.Rg2 Nf7 30.Nb1 Bb2 31.Nc3 Qf6 32.Rhg1 Qxc3+ 33.Qxc3 Bxc3 34.Kxc3 Nfe5 
35.Kb3 Nf6 36.Rf2 h4 37.Rc1 Ra7 38.Rc3 Kg7 39.Bd1 Kf7 40.Rfc2 Ne8 41.Be2 
Ra8 42.Rxc7+ Nxc7 43.Rxc7+ Ke8 44.Rh7 g5 45.Rh8+ 1-0